| 000 | 01037cam a2200277 a 4500 | ||
|---|---|---|---|
| 001 | 1142735 | ||
| 003 | ARRUPE | ||
| 005 | 20130926111916.0 | ||
| 008 | 950316s1995 mnu 000 0deng | ||
| 010 | _a 95013675 | ||
| 020 | _a0814623565 (pbk.) | ||
| 040 |
_aDLC _cDLC _dDLC |
||
| 050 | 0 | 0 |
_aBX1756.H65 _bM67 1995 |
| 100 | 1 |
_aHollenhorst, Mark, _d-1993. _91352 |
|
| 245 | 1 | 0 |
_aMore urgent than usual : _bthe final homilies of Mark Hollenhorst / _cedited by William C. Graham. |
| 260 |
_aCollegeville, Minn. : _bLiturgical Press, _cc1995. |
||
| 300 |
_axi, 145 p. ; _c23 cm. |
||
| 600 | 1 | 0 |
_aHollenhorst, Mark, _d-1993 _xSermons. _91353 |
| 650 | 0 |
_aChurch year sermons. _91354 |
|
| 650 | 0 |
_aDeath _xReligious aspects _xCatholic Church _xSermons. _91355 |
|
| 650 | 0 |
_aSermons, English. _91356 |
|
| 700 | 1 |
_aGraham, William C., _d1950- _91357 |
|
| 906 |
_a7 _bcbc _corignew _d1 _eocip _f19 _gy-gencatlg |
||
| 942 |
_2lcc _cMONOGRAPH |
||
| 999 |
_c118070 _d118070 |
||